[Event "RUS-chT Rapid Men 2018"]
[Site "Sochi"]
[Date "2018.10.09"]
[Round "7"]
[White "Lysyj, Igor"]
[Black "Sergeyev, Alexander"]
[Result "1-0"]
[WhiteElo "2631"]
[BlackElo "2397"]
[Annotator "TA"]
[PlyCount "77"]
[EventDate "2018.10.05"]
[EventType "swiss"]
[EventCountry "RUS"]
[SourceTitle "playchess.com"]
[Source "ChessBase"]
[SourceQuality "1"]

{[%evp 15,77,16,27,20,51,43,39,30,51,10,116,52,50,56,61,52,47,15,17,19,151,143,143,148,135,118,117,116,154,157,189,162,216,195,332,319,272,186,186,186,186,186,186,186,214,186,186,189,270,212,287,174,205,0,190,190,183,183,243,243,266,236,239,236]} 1. d4 d5 2. c4 c6 3. Nf3 Nf6 4. e3 g6 5. Nc3 Bg7 6. Be2 O-O 7. O-O b6 8. b3 Nbd7 {LiveBook: 9 Games. D94: Grünfeld: 4 Nf3 Bg7 5 e3} (8... Bb7 9. Ba3 dxc4 10. bxc4 Nbd7 11. Qb3 c5 12. Rad1 Qb8 13. d5 Re8 14. Bb2 e6 15. a4 a6 16. dxe6 Rxe6 {0-1 (43) Moradiabadi,E (2587)-Jobava,B (2664) Vlissingen 2015}) 9. Ba3 dxc4 $146 ({Predecessor:} 9... Bb7 10. Rc1 a6 11. Qc2 Re8 12. Rfd1 Rc8 13. Qb1 b5 14. Bb2 Qb6 15. Ne5 Nxe5 16. dxe5 {1-0 (55) Brodsky,M (2549)-Fathutdinov,G (2298) Tiumen 2010}) 10. bxc4 c5 {White is slightly better.} 11. d5 Re8 12. Bb2 e5 (12... Ne4 $1 $11 {keeps the balance.} 13. Qb3 (13. Nxe4 Bxb2 14. Rb1 Bg7 $11) 13... Nd6) 13. dxe6 (13. Nd2 $16) 13... Rxe6 $14 14. Ng5 $36 {[%mdl 2048] White has some pressure.} Re5 15. Bf3 {[#] And now Nxf7 would win.} Rb8 $1 16. Nce4 (16. Nh3 {looks sharper.} a6 17. Be2 Re8 18. Qc1 Bb7 19. Rd1) 16... Nxe4 17. Nxe4 Bb7 (17... Re8 $11 {remains equal.} 18. Bxg7 Kxg7) 18. Bxe5 $16 ({Much less strong is} 18. Nd6 $6 Bxf3 19. Qxf3 Re7 $16) 18... Nxe5 19. Qxd8+ Rxd8 20. Rad1 Rb8 21. Nd2 Ba6 22. Be2 f5 23. h3 h5 (23... Re8 $142 24. Rc1 Nc6) 24. f4 Nc6 (24... Nf7 {is a better defense.} 25. e4 fxe4) 25. Nf3 $18 Na5 26. Rc1 Re8 27. Kf2 Bf6 28. Rfd1 Re7 29. Rd6 Kf7 30. h4 Nb7 31. Rd2 Ke6 (31... Kg7 $142 32. Ng5 Na5) 32. Rcd1 Na5 33. Rd6+ Kf7 34. Rc1 Nb7 35. Rd5 Na5 36. Ng5+ Bxg5 (36... Kg7 $142 37. Rd6 Nb7) 37. hxg5 ({Resist} 37. fxg5 $6 Nc6 $16) 37... Bc8 38. Rd6 Be6 39. Bf3 {Precision: White = 64%, Black = 39%.} 1-0

[Event "RUS-chT Rapid Men 2018"]
[Site "Sochi"]
[Date "2018.10.09"]
[Round "7"]
[White "Paravyan, David"]
[Black "Savchenko, Boris"]
[Result "1-0"]
[WhiteElo "2629"]
[BlackElo "2562"]
[Annotator "TA"]
[PlyCount "47"]
[EventDate "2018.10.05"]
[EventType "swiss"]
[EventCountry "RUS"]
[SourceTitle "playchess.com"]
[Source "ChessBase"]
[SourceQuality "1"]

{[%evp 23,47,0,7,0,0,0,32,0,64,67,122,110,109,107,112,102,104,104,101,0,145,145,409,402,29988,29989]} 1. d4 Nf6 2. c4 g6 3. Nc3 d5 4. Nf3 Bg7 5. cxd5 Nxd5 6. e4 Nxc3 7. bxc3 c5 8. Bb5+ Nc6 9. O-O O-O 10. Be3 Bg4 11. Bxc6 bxc6 12. Rc1 {D85: Exchange Grünfeld: Unusual White 7th moves and lines with 7 Nf3} Qa5 {LiveBook: 3 Games} 13. Qc2 (13. Qe2 Rfd8 14. Rfd1 Rd7 15. h3 Bxf3 16. Qxf3 Qxa2 17. dxc5 Rad8 18. Rxd7 Rxd7 19. e5 Qe6 20. Bd4 Bxe5 21. Re1 Bh2+ 22. Kf1 Qc4+ 23. Re2 e5 24. Qxc6 Rd5 {0-1 (24) Vorontsov,P (2578)-Hilby,C (2420) Irving 2018}) 13... Bxf3 14. gxf3 {The position is equal.} Rab8 $146 ({Predecessor:} 14... f5 15. exf5 Rxf5 16. Qb3+ Kh8 17. Qb7 Rff8 18. dxc5 Qxa2 19. Qxc6 Qc4 {½-½ (40) Pechwitz,G (2237)-Hechler,G (2422) GER corr 1999}) 15. Rb1 Qa6 (15... Rfd8 $11) 16. dxc5 $14 Qc4 (16... Qa5 $14) 17. Rxb8 $16 Rxb8 18. Rb1 Rd8 19. Kg2 a5 20. Rd1 Rb8 21. Rb1 $40 {[%mdl 128] White is up to no good.} (21. Rd7 $16) 21... Rxb1 (21... Rd8 $1 $11) 22. Qxb1 {Qb8+ would kill now.} Be5 $2 {[%mdl 8192]} (22... h5 $16) 23. Qb7 $18 {Threatening mate with Bh6.} Qe6 {[#]} (23... g5 $18 24. Qxe7 Qe6 25. Qxg5+ Qg6) 24. Bh6 $1 {Precision: White = 77%, Black =  9%.} 1-0

[Event "RUS-chT Rapid Men 2018"]
[Site "Sochi"]
[Date "2018.10.09"]
[Round "7"]
[White "Grachev, Boris"]
[Black "Kamsky, Gata"]
[Result "1/2-1/2"]
[WhiteElo "2626"]
[BlackElo "2666"]
[Annotator "TA"]
[PlyCount "29"]
[EventDate "2018.10.05"]
[EventType "swiss"]
[EventCountry "RUS"]
[SourceTitle "playchess.com"]
[Source "ChessBase"]
[SourceQuality "1"]

{[%evp 12,29,11,0,5,0,0,0,4,0,8,2,3,4,3,-8,9,12,12,20]} 1. d4 d5 2. Bf4 Nf6 3. e3 e6 4. Nd2 c5 5. c3 Nc6 6. Ngf3 Be7 7. Ne5 {The position is equal.} Nd7 {D02: 1 d4 d5 2 Nf3 sidelines, including 2...Nf6 3 g3 and 2...Nf6 3 Bf4} (7... O-O 8. Bd3 Bd6 9. Ndf3 Qc7 10. h4 Ne4 11. Qc2 f6 12. Nxc6 Bxf4 13. exf4 Qxc6 14. dxc5 f5 15. b4 Qc7 16. Ne5 {0-1 (34) Wei,Y (2729)-So,W (2780) chess.com INT 2018}) 8. Ndf3 Ndxe5 9. Nxe5 Nxe5 10. Bxe5 O-O 11. Bd3 Bd6 12. Bxd6 $146 ({Predecessor:} 12. Bg3 f5 13. O-O b6 14. Qf3 Bb7 15. Rfe1 {1-0 (50) Zakarias,D (2213)-Antal,T (2333) Hungary 2012}) 12... Qxd6 13. f4 cxd4 14. cxd4 Bd7 15. O-O 1/2-1/2

[Event "RUS-chT Rapid Men 2018"]
[Site "Sochi"]
[Date "2018.10.09"]
[Round "7"]
[White "Romanov, Evgeny"]
[Black "Demidov, Mikhail"]
[Result "1-0"]
[WhiteElo "2614"]
[BlackElo "2514"]
[Annotator "TA"]
[PlyCount "87"]
[EventDate "2018.10.05"]
[EventType "swiss"]
[EventCountry "RUS"]
[SourceTitle "playchess.com"]
[Source "ChessBase"]
[SourceQuality "1"]

{[%evp 14,87,27,25,42,38,56,54,92,106,167,174,170,145,163,171,164,169,167,115,103,116,116,122,121,114,144,147,172,158,177,158,198,200,205,159,280,254,356,359,353,345,365,380,374,349,470,452,568,531,865,870,849,660,852,844,1200,1231,1185,1184,1139,1138,1234,1250,1192,825,825,824,823,816,797,753,1069,1041,965,971]} 1. d4 e6 2. c4 Bb4+ 3. Bd2 Qe7 4. g3 Nf6 5. Bg2 O-O 6. Nc3 d6 7. e3 {E00: Catalan Bogo-Indian (3 g3 Bb4+)} e5 8. Nge2 {LiveBook: 3 Games} Re8 $146 ({Predecessor:} 8... exd4 9. Nxd4 Bxc3 10. Bxc3 Ne4 11. Qc2 Re8 12. O-O Nc6 13. b3 Bd7 14. Bb2 f5 {½-½ (30) Iturrizaga Bonelli,E (2663)-Cori Tello,J (2618) Medellin 2017}) 9. O-O {White is slightly better.} Bxc3 10. Nxc3 (10. bxc3 Nbd7 $11) 10... e4 11. f3 Bf5 {[#]} (11... exf3 $16 12. Qxf3 (12. Bxf3 c6 $14) 12... c6) 12. g4 $1 $18 {[%cal Rg4f5]} exf3 13. Bxf3 (13. gxf5 fxg2 14. Rf2 Qd7 $11) (13. Qxf3 $6 Be4 $11) 13... Bd3 14. Bxb7 Bxf1 15. Qxf1 ({But not} 15. Bxa8 $6 Bxc4 16. Bg2 Bd3 $11) 15... Nbd7 {With the idea ...Rab8.} 16. Bxa8 ({White should try} 16. g5 $18 Nh5 17. Bxa8 Rxa8 18. Qg2) 16... Rxa8 $16 17. Qf3 Rb8 18. b3 h6 19. Rf1 Qe6 20. h3 Nh7 21. Qf5 Qe8 22. Nb5 g6 23. Qf4 ({Not} 23. Nxc7 gxf5 24. Nxe8 Rxe8 $14) 23... Ng5 24. Kg2 ({Don't do} 24. Nxc7 Nxh3+ 25. Kh2 Nxf4 $16) 24... Nb6 (24... Rxb5 $16 {was worth a try.} 25. cxb5 Ne4) 25. Nc3 Qc6+ (25... Qe6 $142 26. d5 Qe7) 26. Kg3 $18 Qe8 27. h4 Ne6 28. Qxh6 Nd7 29. h5 {[#] Threatens to win with hxg6.} gxh5 30. Qxh5 {Rh1 is the strong threat.White is clearly winning.} Qf8 31. Nd5 {[%cal Bc3d5,Bd5e7,Be7f5,Bf5d6][%mdl 32]} c6 32. Rh1 {[%csl Gh1][%cal Rh5h8]} Qg7 33. Ne7+ Kf8 34. Nf5 Qg8 35. Qh6+ Ke8 36. Nxd6+ Ke7 37. Nf5+ Kd8 38. Ba5+ Ke8 39. Qh8 Qxh8 40. Rxh8+ Ndf8 41. d5 cxd5 42. cxd5 Nc5 43. Bc7 Ra8 44. Rxf8+ {Precision: White = 92%, Black = 36%.} 1-0

[Event "RUS-chT Rapid Men 2018"]
[Site "Sochi"]
[Date "2018.10.09"]
[Round "7"]
[White "Indjic, Aleksandar"]
[Black "Yuffa, Daniil"]
[Result "1-0"]
[WhiteElo "2604"]
[BlackElo "2563"]
[Annotator "TA"]
[PlyCount "123"]
[EventDate "2018.10.05"]
[EventType "swiss"]
[EventCountry "RUS"]
[SourceTitle "playchess.com"]
[Source "ChessBase"]
[SourceQuality "1"]

{[%evp 9,123,9,9,9,9,9,9,14,15,-10,0,-9,13,-2,5,14,27,-28,-24,-39,-22,-34,0,5,9,5,25,27,33,12,29,37,39,33,62,-35,0,0,22,24,23,21,14,0,0,0,0,0,0,0,75,18,73,72,79,79,72,49,54,51,72,68,97,3,13,13,262,8,446,446,437,434,457,457,502,512,502,447,1628,1981,1012,974,930,895,4081,3922,3975,4037,3377,3385,638,2534,6293,3902,1544,1174,29946,29950,29956,29958,29953,29954,29952,29948,29956,29957,29958,2930,29967,29969,29966,29968,29963,29961,6233,6093]} 1. d4 Nf6 2. Nf3 d5 3. c4 c6 4. Nc3 a6 5. a4 e6 6. Bf4 {D15: Slav Defence: 4 Nc3 a6 and gambit lines after 4 Nc3 dxc4} a5 7. e3 Na6 8. Be2 {The position is equal.} Be7 9. g4 Nb4 $146 ({Predecessor:} 9... h6 10. Ne5 Nb4 11. h4 b6 12. Rg1 Nd7 13. g5 hxg5 14. hxg5 {0-1 (37) Hracek,Z (2613)-Balog,I (2537) Slovakia 2016}) 10. g5 Ne4 {[%cal Re4g5]} 11. h4 Nd6 12. b3 b6 13. Na2 ({White should try} 13. Ne5) 13... Ne4 $11 {With the idea ...Nxa2.} 14. Nd2 Nxd2 15. Qxd2 Nxa2 16. Qxa2 O-O 17. O-O-O dxc4 18. bxc4 Bd6 19. Be5 Qe7 20. Bxd6 Qxd6 21. h5 e5 22. g6 (22. dxe5 $14 Qxe5 23. Qb2 Qxb2+ 24. Kxb2) 22... Be6 (22... fxg6 23. c5+ Be6 24. cxd6 $16) 23. gxh7+ Kxh7 24. Qb2 exd4 25. Rxd4 Qb4 26. Qc2+ f5 27. Rhd1 Rf6 28. Rd6 Qa3+ 29. Qb2 Qxa4 (29... Qc5 $1 $11 {remains equal.} 30. R6d4 Ra7) 30. h6 (30. Rg1 $16 Rg8 31. Bd3) 30... Qb4 (30... Bxc4 31. Rxf6 Qb4 32. Qxb4 $18) (30... Rxh6 $11 31. Rg1 Ra7) 31. hxg7 $16 Qxb2+ 32. Kxb2 Kxg7 33. Rg1+ Kf7 34. Rxc6 Rc8 35. Rxb6 {And now Rb7+ would win.} Bxc4 36. Rb7+ (36. Bh5+ $16 Ke7 37. Rg7+ Kf8 38. Rxf6+ Kxg7 39. Rxf5) 36... Ke6 37. Rc1 Kd5 $2 {[#]} (37... Bd5 $11 38. Ra7 (38. Rxc8 Bxb7 39. Rc5 f4 $11) 38... Rb8+ 39. Ka1 Ra8 40. Rxa8 Bxa8) 38. Ka3 $2 ({White has to play} 38. Rd7+ $1 $18 Ke6 39. Ra7 Rb8+ 40. Ka3) 38... Rd6 $2 {[%mdl 8192]} (38... Rff8 $11 {and Black is okay.} 39. Bxc4+ Rxc4 40. Rb5+ Kc6 41. Rxf5 (41. Rxc4+ Kxb5 42. Rf4 Rf7 $11) 41... Rxf5 42. Rxc4+ Kb5) 39. Ra7 $18 Bxe2 40. Rxa5+ ({Less strong is} 40. Rxc8 Ke4 $18) 40... Ke4 41. Rxc8 {[%mdl 4096] Endgame KRR-KRB} Bd3 {and the idea ...Kf3 leaves Black hopeful.} 42. Rf8 Kf3 43. Raxf5+ Bxf5 (43... Ke2 $142 44. R5f6 Rd7) 44. Rxf5+ {KR-KR} Ke4 45. Rf4+ Kd3 46. Kb4 Rc6 47. Kb5 Rc8 48. e4 Kd4 {[#]} 49. f3 $1 Rc5+ 50. Kb6 (50. Ka6 $142 Rg5 51. Rf8) 50... Rh5 51. Kc6 Ke5 52. Rf8 Rh6+ 53. Kc5 Rh5 54. Kc4 Rh1 55. Rf5+ Ke6 56. Kd4 Rd1+ 57. Ke3 Ra1 58. Rb5 (58. Rh5 $142 Kf7 59. Kf4 Rf1 60. e5 Ke7 61. Rh6 Kf7 62. Ke4 Kg7 63. Ra6) 58... Ra4 59. Rb6+ Ke7 60. Kf4 Ra5 61. e5 Ra3 62. Ke4 {Precision: White = 53%, Black = 34%.} 1-0

[Event "RUS-chT Rapid Men 2018"]
[Site "Sochi"]
[Date "2018.10.09"]
[Round "7"]
[White "Chigaev, Maksim"]
[Black "Bocharov, Ivan"]
[Result "1-0"]
[WhiteElo "2599"]
[BlackElo "2563"]
[Annotator "ChessBase"]
[PlyCount "47"]
[EventDate "2018.10.05"]
[EventType "swiss"]
[EventCountry "RUS"]
[SourceTitle "playchess.com"]
[Source "ChessBase"]
[SourceQuality "1"]
[TimeControl "900+10"]

1. e4 {[%emt 0:00:00]} e5 {[%emt 0:00:00]} 2. Nf3 {[%emt 0:00:00]} Nc6 {[%emt 0:00:00]} 3. Bc4 {[%emt 0:00:00]} Bc5 {[%emt 0:00:00]} 4. O-O {[%emt 0:00:00]} Nf6 {[%emt 0:00:00]} 5. d3 {[%emt 0:00:00]} d6 {[%emt 0:00:00]} 6. a4 {[%emt 0:00:05]} a5 {[%emt 0:00:00]} 7. Bg5 {[%emt 0:00:37]} h6 {[%emt 0:00:09]} 8. Bh4 {[%emt 0:00:02]} g5 {[%emt 0:01:45]} 9. Bg3 {[%emt 0:00:01]} h5 {[%emt 0:00:58]} 10. h4 {[%emt 0:01:59]} Bg4 {[%emt 0:00:33]} 11. Nbd2 {[%emt 0:02:23]} Nh7 {[%emt 0:00:52]} 12. c3 {[%emt 0:00:19]} Qf6 {[%emt 0:01:07]} 13. Qb3 {[%emt 0:03:13]} O-O-O {[%emt 0:00:39]} 14. Bd5 {[%emt 0:00:43]} Rhg8 {[%emt 0:00:37]} 15. Kh1 {[%emt 0:00:10]} Rg7 {[%emt 0:01:55]} 16. d4 {[%emt 0:02:41]} Bxf3 {[%emt 0:02:39]} 17. Nxf3 {[%emt 0:00:10]} g4 {[%emt 0:02:07]} 18. Nxe5 {[%emt 0:00:16]} dxe5 {[%emt 0:00:31]} 19. dxc5 {[%emt 0:00:06]} Nf8 {[%emt 0:00:18]} 20. Qb5 {[%emt 0:02:33]} Ng6 {[%emt 0:00:51]} 21. b4 {[%emt 0:00:28]} axb4 {[%emt 0:01:15]} 22. a5 {[%emt 0:00:15]} Nge7 {[%emt 0:00:39]} 23. a6 {[%emt 0:00:09]} bxa6 {[%emt 0:00:04]} 24. Rxa6 {[%emt 0:00:09]} 1-0

[Event "RUS-chT Rapid Men 2018"]
[Site "Sochi"]
[Date "2018.10.09"]
[Round "7"]
[White "Kryakvin, Dmitry"]
[Black "Alekseev, Evgeny"]
[Result "1/2-1/2"]
[WhiteElo "2595"]
[BlackElo "2620"]
[Annotator "TA"]
[PlyCount "36"]
[EventDate "2018.10.05"]
[EventType "swiss"]
[EventCountry "RUS"]
[SourceTitle "playchess.com"]
[Source "ChessBase"]
[SourceQuality "1"]

{[%evp 9,36,16,22,17,28,20,33,23,24,37,29,26,44,0,12,20,48,31,30,29,28,0,0,0,0,-12,-13,-12,-12]} 1. d4 d5 2. c4 e6 3. Nc3 Bb4 4. cxd5 exd5 5. Bf4 c6 6. e3 {D31: Queen's Gambit Declined: Semi-Slav without ...Nf6 (+ Marshall Gambit and Noteboom) and Exchange Variation lines without ...Nf6} Ne7 {[%cal Bg8e7,Be7f5,Bf5h4][%mdl 32]} 7. Qb3 Qb6 $146 ({Predecessor:} 7... Bd6 8. Bxd6 Qxd6 9. Bd3 b6 10. Nf3 Ba6 11. Bxa6 Nxa6 12. O-O O-O 13. Rac1 {½-½ (41) Navara,D (2707)-Hou,Y (2595) Prague 2013}) 8. Bd3 {White is slightly better.} Bf5 9. Bxf5 Nxf5 10. Nge2 O-O 11. O-O Be7 12. Qc2 Nh4 13. Na4 Qd8 14. Nc5 Qc8 15. Bg3 Nd7 {The position is equal.} 16. Nxd7 Qxd7 17. Bxh4 Bxh4 18. Nf4 Be7 {Precision: White = 70%, Black = 56%.} 1/2-1/2

[Event "RUS-chT Rapid Men 2018"]
[Site "Sochi"]
[Date "2018.10.09"]
[Round "7"]
[White "Timofeev, Artyom"]
[Black "Zvjaginsev, Vadim"]
[Result "0-1"]
[WhiteElo "2580"]
[BlackElo "2644"]
[Annotator "TA"]
[PlyCount "136"]
[EventDate "2018.10.05"]
[EventType "swiss"]
[EventCountry "RUS"]
[SourceTitle "playchess.com"]
[Source "ChessBase"]
[SourceQuality "1"]

{[%evp 15,136,10,9,8,41,39,47,40,45,20,67,59,63,63,66,51,66,62,56,52,52,54,65,62,62,62,49,38,35,30,66,16,16,20,16,19,26,0,27,18,122,131,135,113,107,82,86,88,137,131,129,9,202,-11,-11,-8,-6,-6,-9,-14,-7,-7,-9,-9,0,0,0,0,0,0,0,0,0,-460,-413,-662,-859,-1427,-1436,-12841,-1322,-1196,-1056,-859,-622,-1460,-1127,-12836,-12835,-12835,-12833,-12835,-11297,-12841,-12841,-12839,-12839,-12840,-12840,-12841,-12841,-12841,-12841,-12841,-12842,-12838,-12839,-12846,-12847,-12848,0,0,0,0,0,-12848,-12848,-12849,-12849,-12850,-12850,-29998,-12850]} 1. Nf3 d5 2. g3 c5 3. Bg2 Nc6 4. d4 Nf6 5. O-O e6 6. b3 cxd4 7. Nxd4 Bd7 {D02: 1 d4 d5 2 Nf3 sidelines, including 2...Nf6 3 g3 and 2...Nf6 3 Bf4} (7... Be7 8. Bb2 O-O 9. Nxc6 bxc6 10. c4 a5 11. Nc3 Ba6 12. Qc2 dxc4 13. Rfd1 cxb3 14. axb3 Qc7 15. Na4 Bb5 16. Bd4 Rad8 {0-1 (35) Pelletier,Y (2529)-Harikrishna,P (2737) Biel 2017}) 8. Bb2 Bc5 {LiveBook: 4 Games} 9. c4 dxc4 {The position is equal.} 10. Nxc6 Bxc6 11. Bxc6+ bxc6 12. Qc2 Qd5 $146 ({Predecessor:} 12... O-O 13. Qxc4 Qd5 14. Rc1 Ne4 15. e3 Qf5 16. Qe2 {0-1 (28) Sygulski,A (2360)-Wehmeier,S (2325) Germany 1994}) 13. Bxf6 gxf6 14. Nc3 Qe5 15. Ne4 Bb6 16. Qxc4 O-O 17. Rad1 Rad8 18. e3 Rd5 19. Nc3 Rc5 20. Qg4+ Kh8 21. Na4 Rc2 22. Nxb6 {Strongly threatening Nd7.} axb6 23. Rc1 (23. a4 {looks sharper.} c5 24. Rd7 Rb2 25. Qd1 Kg7 26. Qd3) 23... Rxc1 24. Rxc1 $40 {[%mdl 4224] Endgame KQR-KQR. White mounts an attack.} c5 25. Rd1 b5 26. a4 Rg8 27. Qh4 Qg5 (27... h5 $11 {keeps the balance.}) 28. Qe4 $1 $16 Qe5 29. Qxe5 fxe5 {KR-KR} 30. a5 ({But not} 30. axb5 $6 Rb8 $11) 30... Ra8 31. Ra1 Ra6 32. Kf1 $1 e4 33. Ke2 (33. Rc1 $1 $16) 33... Kg7 $2 (33... b4 $1 $11 {and Black stays safe.}) 34. Kd2 $2 (34. b4 $1 $18) 34... b4 $1 $11 35. f3 exf3 36. Kd3 f2 {And now ...Rxa5! would win.} 37. Ke2 Kf6 38. Kxf2 Ke5 39. Ke2 Ke4 40. g4 f6 41. Ra4 h6 42. h4 e5 43. h5 Kd5 44. Kf3 $2 {[%mdl 8192] [#]} (44. Kd3 $1 $11 {and White is okay.}) 44... Kc6 $1 $19 {[%cal Rc6b5]} 45. Ke4 (45. Ra1 $142 c4 46. Rc1) 45... Kb5 46. Kf5 c4 47. Kg6 cxb3 (47... Rxa5 $142 48. Rxb4+ Kxb4 49. bxc4 e4) 48. Ra1 Rxa5 49. Rb1 Ra8 50. Rxb3 Rg8+ 51. Kxf6 Kc4 52. Rb1 e4 53. Kf5 b3 54. Kxe4 Rxg4+ 55. Kf5 Rg5+ 56. Kf6 Kc3 57. e4 b2 58. e5 Rxh5 59. e6 Ra5 60. e7 Ra8 61. Rd1 Kc2 62. Rd8 Ra6+ $2 (62... b1=Q $19 63. e8=Q Qb6+ 64. Kf7 Rxd8 65. Qe2+ Rd2 66. Qe4+ Kc3 67. Qe5+ Kb3) 63. Kf7 $1 $11 Ra7 64. Rc8+ Kb3 65. Kf8 $2 {[%mdl 8192] [#]} (65. Rb8+ $11 Kc2 66. Rc8+ Kb3 67. Rb8+ Kc2 68. Kf6 Rxe7 69. Kxe7) 65... b1=Q $1 $19 {[%cal Rb1f5]} 66. Rb8+ Ka2 {( -> ...Qh7)} 67. e8=Q Qf5+ 68. Kg8 Qg5+ {Precision: White = 43%, Black = 64%.} (68... Qh7+ $142 69. Kf8 Qh8#) 0-1

[Event "RUS-chT Rapid Men 2018"]
[Site "Sochi"]
[Date "2018.10.09"]
[Round "7"]
[White "Bocharov, Dmitry"]
[Black "Vastrukhin, Oleg"]
[Result "1-0"]
[WhiteElo "2557"]
[BlackElo "2413"]
[Annotator "TA"]
[PlyCount "101"]
[EventDate "2018.10.05"]
[EventType "swiss"]
[EventCountry "RUS"]
[SourceTitle "playchess.com"]
[Source "ChessBase"]
[SourceQuality "1"]

{[%evp 20,101,69,74,75,68,100,94,115,102,109,109,132,132,160,128,129,127,134,130,126,114,114,108,161,84,81,77,86,77,63,66,173,181,228,223,319,315,430,418,426,418,423,423,411,412,425,419,409,397,440,410,582,581,563,549,1055,1033,1581,1544,1581,1581,29946,10719,29967,29968,29968,5325,5343,5326,29983,29982,29985,29986,29987,29986,29988,29989,29989,29989,29989,29990,29990,29991]} 1. c4 g6 2. Nf3 Bg7 3. d4 d6 4. Nc3 e5 5. e4 exd4 6. Nxd4 Ne7 7. Be3 Nbc6 8. h4 h5 9. Qd2 {A42: Moderne Verteidigung (mit c2-c4/ohne Sf6)} a6 (9... O-O 10. O-O-O f5 11. c5 f4 12. Nxc6 fxe3 13. Nxe7+ Qxe7 14. Qxe3 dxc5 15. Bc4+ Kh7 16. f4 Bd4 17. Rxd4 cxd4 18. Qxd4 {1-0 (33) Dubov,D (2666)-Krylov,M (2476) Sochi 2017}) 10. Be2 Ne5 11. O-O-O {LiveBook: 3 Partien. Weiß steht etwas besser.} N7c6 12. Nxc6 $146 ({Vorgänger:} 12. Kb1 O-O 13. Nd5 Nxd4 14. Bxd4 Be6 15. f4 c5 16. Be3 Ng4 17. Bxg4 Bxg4 {0-1 (46) Gorti,A (2214)-Vastrukhin,O (2409) Moscow 2018}) 12... bxc6 13. c5 {[%cal Rc5d6]} O-O 14. cxd6 cxd6 15. Qxd6 Qa5 16. Qc5 Qc7 17. Qb6 Qxb6 18. Bxb6 Be6 19. f4 Ng4 20. Bd4 Bh6 21. g3 Rfc8 (21... c5 $16 {ist eine bessere Verteidigung.}) 22. Bxg4 (22. Rhf1 $18) 22... Bxg4 $16 23. Rd2 Bf8 24. Rhh2 Re8 25. a3 f5 (25... Re6 $14) 26. e5 $18 Kf7 27. Na4 Rad8 (27... Bf3 $142 28. Bc5 Bxc5 29. Nxc5 Bd5) 28. Bc5 Bf3 29. Bxf8 Rxf8 30. Nc5 a5 31. Rxd8 Rxd8 {[%mdl 4096] Endspiel KTL-KTS} 32. Rd2 Bd5 33. Kc2 Rb8 34. a4 Rb4 {[#] zielt auf ...Tc4+ ab.} 35. b3 g5 (35... Rb8 {war nötig.} 36. Kc3 Kg7) 36. hxg5 h4 37. Nd3 hxg3 38. Nxb4 axb4 {KT-KL} 39. Rd1 g2 40. a5 {[%cal Ba4a5,Ba5a6,Ba6a7][%mdl 32]} c5 41. a6 Be4+ 42. Kd2 Bd5 43. a7 Be4 44. Rg1 Bd5 45. Kd3 {Weiß setzt Matt.} Kg7 {[#]} 46. e6 $1 {[%cal Be5e6,Be6e7][%mdl 32]} Kg6 (46... Bxe6 47. a8=Q) 47. Ke3 Be4 48. Kf2 c4 49. bxc4 b3 50. Re1 b2 51. e7 {Precision: Weiß = 78%, Schwarz = 34%.} 1-0

[Event "RUS-chT Rapid Men 2018"]
[Site "Sochi"]
[Date "2018.10.09"]
[Round "7"]
[White "Potapov, Pavel"]
[Black "Ponkratov, Pavel"]
[Result "1/2-1/2"]
[WhiteElo "2515"]
[BlackElo "2628"]
[Annotator "TA"]
[PlyCount "120"]
[EventDate "2018.10.05"]
[EventType "swiss"]
[EventCountry "RUS"]
[SourceTitle "playchess.com"]
[Source "ChessBase"]
[SourceQuality "1"]

{[%evp 10,119,0,0,0,0,0,0,0,0,0,0,0,0,0,-31,0,-21,-18,-14,-18,-56,-64,-78,-6,-16,-31,-68,-31,-41,-13,-27,-14,-20,-16,-20,-27,-38,-23,-42,-8,-27,-29,-66,-55,-73,-71,-96,-97,-102,-93,-93,-80,-83,-85,-88,-75,-100,-100,-100,-100,-100,-96,-100,-100,-107,-100,-100,-96,-96,-96,-100,-100,-100,-100,-128,-100,-128,-128,-128,-128,-128,-128,-128,-89,-96,-96,-99,-8,-17,-6,-8,0,-8,0,0,0,0,0,0,0,0,0,0,0,0,0,0,0,0,0,0]} 1. e4 e6 2. d4 d5 3. Bd3 dxe4 4. Bxe4 Nf6 5. Bf3 c5 6. Ne2 Be7 {C01: French: Exchange Variation} (6... Nc6 7. Be3 Nd5 8. Bxd5 Qxd5 9. Nbc3 Qxg2 10. Rg1 Qf3 11. Nb5 Rb8 12. dxc5 Bd7 13. Nc7+ Kd8 14. Nb5 {0-1 (54) Kramnik,V (2808)-Caruana,F (2808) Stavanger 2017}) 7. O-O O-O 8. Nbc3 Nc6 {[%cal Rc6d4]} 9. Be3 Qa5 10. Bxc6 bxc6 11. dxc5 Ng4 {[%cal Bf6g4,Bg4h6,Bh6f5][%mdl 32]} 12. Bf4 $146 ({Predecessor:} 12. Bd2 Qxc5 13. h3 Nf6 14. Be3 {0-1 (69) Lamorelle,J (2358)-Martinovic,S (2570) Split 2017}) 12... e5 13. Bg3 Rd8 14. Qe1 Qxc5 15. h3 Nh6 $1 16. Nc1 {[#]} f6 (16... Ba6 $1 $17 17. Nb3 Qb6) 17. Nd3 $11 Qb6 18. Kh1 Nf5 {Strongly threatening ...Nd4.} 19. f4 $1 {[%cal Rf4e5]} Qe3 20. Bh2 {[%cal Rf4e5]} exf4 21. Bxf4 Qxe1 22. Raxe1 {Black must now prevent g4.} Bf8 23. Bc7 Rd7 $36 {[%mdl 2048] Black has some pressure.} 24. Rxf5 Rxc7 (24... Rxd3 $5 25. Rf2 (25. Rxf6 Rd7 $17) 25... Rd7 $11) 25. Rf2 Bb7 26. a3 Rb8 27. b4 c5 28. Na4 {[%cal Ra4c5]} cxb4 29. axb4 Ba6 30. Nac5 Bc4 31. Re4 {[#]} Bxd3 $1 32. Nxd3 Rbc8 33. Nc5 Bxc5 34. bxc5 Rxc5 $17 {[%mdl 4096] Endgame KRR-KRR} 35. Ra4 R8c7 36. Re2 Kf7 37. Kh2 h5 {[%cal Bh7h5,Bh5h4][%mdl 32]} 38. Ra6 R5c6 39. Ra5 h4 40. Ra4 g5 41. Rf2 Kg6 42. Ra5 Rd6 43. Ra1 a6 44. Ra5 Rc4 45. Ra3 Rdc6 46. Re2 f5 47. Ra5 Rf6 48. Rd2 g4 (48... Rc3 $17 49. Re2 Rcc6) 49. hxg4 $1 $11 {The position is equal.} fxg4 {[#]} 50. c3 $1 {[%mdl 512]} Re6 (50... Rxc3 51. Ra4) 51. Rdd5 Kf6 52. Rh5 g3+ 53. Kh3 Re1 {[%cal Re1h1]} 54. Rxa6+ Kg7 {[%cal Re1h1]} 55. Ra7+ Kg6 {[%cal Re1h1]} 56. Ra6+ Kxh5 {[%cal Re1h1]} 57. Ra5+ Kg6 {[%cal Re1h1]} 58. Rg5+ $1 Kf6 {[%cal Re1h1]} 59. Rf5+ Ke6 $2 {[%mdl 8192]} (59... Kg7 60. Rf1 Re3) 60. Re5+ $1 Rxe5 {Precision: White = 63%, Black = 63%.} 1/2-1/2